| 000 | 00518cam a2200145 4500500 | ||
|---|---|---|---|
| 005 | 20260111093303.0 | ||
| 041 | _afre | ||
| 042 | _adc | ||
| 100 | 1 | 0 |
_aMiossec, Alain _eauthor |
| 245 | 0 | 0 | _aThierry Pacquot, Désastres urbains. Les villes meurent aussi. La Découverte, 2015, 222 p., 17,90€ |
| 260 | _c2015. | ||
| 500 | _a41 | ||
| 786 | 0 | _nLa Géographie | 1556 | 1 | 2015-01-01 | p. 51r-59r | 1964-9002 | |
| 856 | 4 | 1 | _uhttps://shs.cairn.info/revue-la-geographie-2015-1-page-51r?lang=fr&redirect-ssocas=7080 |
| 999 |
_c1625968 _d1625968 |
||